=LDR 00000nam 2200000 4500 =001 INLIS000000000050909 =005 20170804023242 =035 ##$$a 0010-0817000092 =007 ta =008 170804###########################0###### =082 ##$$a 028.5 =084 ##$$a 028.5 NOO =100 #$$a Noor H.Dee =245 1#$$a Aku Senang Berteman /$c Noor H.Dee =260 ##$$a Jakarta :$b Naura,$c 2017 =300 ##$$a 20 hlm : $b ilus. ; $c 18 cm =650 ##$$a Bacaan Kanak-Kanak =700 #$$a Nurhardiansyah =990 ##$$a 89888988 =990 ##$$a 31701744